Statystyki dla Wszystkie powiaty zaczynające sie na "Lub"

Kliknij tutaj aby rozwiązać quiz!

Ogólne statystyki

  • Ten quiz został rozwiązany 54 razy
  • Średni wynik to 4 z 6

Statystyki odpowiedzi

HintOdpowiedź% Poprawnych
4Lublin
100%
5Lubin
80%
3Lubartów
74%
6Lubliniec
60%
2Lubań
58%
1Lubaczów
56%

Rozkład punktacji

Percentyl według liczby udzielonych odpowiedzi

Procent ludzi z każdym wynikiem

Twoja historia wyników

Nie rozwiązałeś tego quizu